000 00569nam a2200229Ia 4500
003 OSt
005 20220924135341.0
006 a|||||r|||| 00| 0
007 ta
008 220923b |||||||| |||| 00| 0 ben d
024 _a290668
037 _cTextual
040 _aARTS
_cARTS
_bben
041 _2ben
_aben
082 _aO142,1MKH,1, 157K7
100 _aKhanchev
_9210142
245 0 _aGeetika
260 _c1967
650 _aRUSSIAN LITERATURE
_915056
942 _hO142,1MKH,1, 157K7
_cTEXL
_2CC
999 _c440375
_d440375